LEADER 01696nam 2200469 450 001 9910703821103321 005 20150813110114.0 035 $a(CKB)5470000002435523 035 $a(OCoLC)918209594 035 $a(EXLCZ)995470000002435523 100 $a20150813j201504 ua 0 101 0 $aeng 135 $aurmn||||||||| 181 $ctxt$2rdacontent 182 $cc$2rdamedia 183 $acr$2rdacarrier 200 10$aOn the correlation of specific film thickness and gear pitting life /$fTimothy L. Krantz 210 1$aCleveland, Ohio :$cNational Aeronautics and Space Administration, Glenn Research Center,$dApril 2015. 215 $a1 online resource (19 pages) $cillustrations 225 1 $aNASA/TM ;$v2015-218711 300 $aTitle from title screen (viewed on Aug. 13, 2015). 300 $a"April 2015." 300 $a"Prepared for the 2014 Fall Technical Meeting sponsored by the American Gear Manufacturers Association (AGMA), Crystal City, Virginia, October 12-14, 2014." 320 $aIncludes bibliographical reference (pages 17-19). 606 $aFilm thickness$2nasat 606 $aGears$2nasat 606 $aLubrication$2nasat 606 $aLubricant tests$2nasat 606 $aLeast squares method$2nasat 615 7$aFilm thickness. 615 7$aGears. 615 7$aLubrication. 615 7$aLubricant tests. 615 7$aLeast squares method. 700 $aKrantz$b T. L$g(Timothy L.),$01394569 712 02$aNASA Glenn Research Center, 801 0$bGPO 801 1$bGPO 906 $aBOOK 912 $a9910703821103321 996 $aOn the correlation of specific film thickness and gear pitting life$93539006 997 $aUNINA LEADER 02996oas 2201153 a 450 001 9910146512803321 005 20260127110527.0 011 $a1522-1547 035 $a(DE-599)ZDB1477329-6 035 $a(OCoLC)40069703 035 $a(CONSER)sn 98004857 035 $a(CKB)954925490852 035 $a(DE-599)1477329-6 035 $a(EXLCZ)99954925490852 100 $a19981009a19809999 uy a 101 0 $aeng 135 $aurcnu|||||||| 181 $ctxt$2rdacontent 182 $cc$2rdamedia 183 $acr$2rdacarrier 200 10$aAmerican journal of physiology $eGastrointestinal and liver physiology 210 $aBethesda, MD $cAmerican Physiological Society$d[1980]- 300 $aRefereed/Peer-reviewed 300 $aTitle from journal homepage (publisher's version, viewed August 6, 2003). 311 08$a0193-1857 517 3 $aGastrointestinal and liver physiology 517 1 $aAJP: Gastrointestinal and liver physiology 517 1 $aAJP:GI 517 1 $aAJP:GI online 531 0 $aAm. j. physiol., Gastrointest. liver physiol. 606 $aGastroenterology$vPeriodicals 606 $aLiver$vPeriodicals 606 $aDigestive System Physiological Phenomena 606 $aLiver$xphysiology 606 $aGastroente?rologie$vPe?riodiques 606 $aFoie$vPe?riodiques 606 $aAppareil digestif$xPhysiologie 606 $aGastroenterology$2fast$3(OCoLC)fst00938842 606 $aLiver$2fast$3(OCoLC)fst01000617 608 $aPeriodical. 608 $aperiodicals.$2aat 608 $aPeriodicals.$2fast 608 $aPeriodicals.$2lcgft 608 $aPe?riodiques.$2rvmgf 615 0$aGastroenterology 615 0$aLiver 615 2$aDigestive System Physiological Phenomena. 615 2$aLiver$xphysiology. 615 6$aGastroente?rologie 615 6$aFoie 615 6$aAppareil digestif$xPhysiologie. 615 7$aGastroenterology. 615 7$aLiver. 676 $a612 712 02$aAmerican Physiological Society (1887- ) 801 0$bNSD 801 1$bNSD 801 2$bIUL 801 2$bNLM 801 2$bMXC 801 2$bTJC 801 2$bOCLCQ 801 2$bCGU 801 2$bWAU 801 2$bOCLCQ 801 2$bMUQ 801 2$bSBH 801 2$bOCLCQ 801 2$bDLC 801 2$bOCLCQ 801 2$bOCLCO 801 2$bOCLCQ 801 2$bDLC 801 2$bOCLCF 801 2$bOCLCO 801 2$bEUW 801 2$bOCLCO 801 2$bOCLCQ 801 2$bOCLCO 801 2$bOCLCQ 801 2$bCUS 801 2$bOCLCQ 801 2$bOCLCO 801 2$bORZ 801 2$bOCLCQ 801 2$bAUD 801 2$bUAB 801 2$bAU@ 801 2$bOCLCO 801 2$bOCLCQ 801 2$bU3W 801 2$bOCLCQ 801 2$bOCLCL 801 2$bQGK 801 2$bOCLCQ 906 $aJOURNAL 912 $a9910146512803321 996 $aAmerican journal of physiology$9263814 997 $aUNINA